Normal view MARC view

Entry Personal Name

Number of records used in: 1

001 - CONTROL NUMBER

  • control field: 50703

003 - CONTROL NUMBER IDENTIFIER

  • control field: OSt

005 - DATE AND TIME OF LATEST TRANSACTION

  • control field: 20250213163442.0

008 - FIXED-LENGTH DATA ELEMENTS

  • fixed length control field: 250213|| aca||aabn | a|a d

040 ## - CATALOGING SOURCE

  • Original cataloging agency: OSt
  • Transcribing agency: OSt

100 ## - HEADING--PERSONAL NAME

  • Personal name: Salvanes, Kjell G.

670 ## - SOURCE DATA FOUND

  • Source citation: Work cat.: (OSt)525545: Salvanes, Kjell G. , What drives intergenerational mobility? The role of family, neighborhood, education, and social class: A review of Bukodi and Goldthorpe's social mobility and education in Britain

Powered by Koha